| 000 | 00787nam a2200229 a 4500 | ||
|---|---|---|---|
| 999 |
_c1813 _d1813 |
||
| 007 | ta | ||
| 008 | 950922s1999 xxk g b i000 0 eng d | ||
| 040 |
_aKO _beng |
||
| 041 | 0 | _aeng | |
| 044 | _axxk | ||
| 082 | 0 | 0 |
_223 _a343.0962 _bIn821 |
| 111 | 2 |
_aInternational Convention for the Safety of Life at Sea _d(1974 : _cLondon, England) |
|
| 245 | 1 | 0 |
_aInternational Convention for the Safety of Life at Sea, 1974 : _bamendment effective from July 1998 / |
| 260 |
_aBonbay : _bBhandarkar Publications, _c1999. |
||
| 300 |
_a58 p. ; _c26 cm. |
||
| 650 | 0 |
_aShips _xSafety regulations. |
|
| 650 | 0 |
_aShips _xFires and fire prevention _xLaw and legislation. |
|
| 710 | 2 |
_aInternational Maritime Organization. _bMaritime Safety Committee. |
|
| 904 | _aA_BOSE | ||
| 942 |
_2ddc _cBK |
||